| 000 | 00817nam a22002897a 4500 | ||
|---|---|---|---|
| 001 | 9062 | ||
| 003 | FISKH | ||
| 005 | 20251118140054.0 | ||
| 008 | 251118b cb ||||| |||| 00| 0 eng d | ||
| 020 | _a9780394823379 | ||
| 040 |
_aFISKH _beng _cFISKH _dFISKH |
||
| 050 | _aPZ8.G276 L | ||
| 082 | _a813.54 | ||
| 100 | _aSeuss | ||
| 245 |
_aThe lorax / _cBy Dr. Seuss |
||
| 260 |
_aNew York : _bRandom House , _c1971. |
||
| 300 |
_a64 unnumbered pages : _bcolor illustrations ; _c28 cm . |
||
| 490 |
_aThe Lorax _v1 |
||
| 505 | _aN | ||
| 520 | _aThe Once-ler describes the results of the local pollution problem. | ||
| 521 | 8 |
_a560
_bLexile |
|
| 521 | 8 |
_aN
_bRaz-Plus |
|
| 650 |
_aRhyming _vChildren's Books |
||
| 650 |
_aDr. Seuss _vChildren's Books |
||
| 942 |
_2ddc _cBK _n0 |
||
| 999 |
_c9062 _d9062 |
||